Europejskie kraje z najmniejszą liczbą reprezentantów na ZIO 2026 - Statystyki

Ogólne statystyki
  • Ten quiz został rozwiązany 25 razy
  • Średni wynik to 16 z 19
Statystyki odpowiedzi
Liczba reprezentantów Kraj % Poprawnych
5 Grecja
95%
5 Mołdawia
95%
1 Monako
95%
3 Portugalia
95%
1 San Marino
95%
4 Albania
90%
7 Andora
90%
4 Islandia
90%
5 Bośnia i Hercegowina
85%
4 Irlandia
85%
2 Kosowo
85%
7 Liechtenstein
85%
4 Macedonia Północna
85%
3 Serbia
85%
2 Czarnogóra
80%
1 Malta
80%
2 Cypr
70%
8 Turcja
60%
8 Gruzja
50%
Nie znaleziono quizów pasujących do podanych kryteriów
Rozkład punktacji
Procent ludzi z każdym wynikiem
Percentyl według liczby udzielonych odpowiedzi
Twoja historia wyników
Nie rozwiązałeś tego quizu